Os mais belos contos de Andersen (Registo nº 4537)

Detalhes MARC
000 -Etiqueta do registo
Cabeçalho 00877nam0a2200265 4500
005 - Identificador da versão
Campo de controlo 20240904165649.0
100 ## - Dados gerais de processamento
Dados gerais de processamento 20161118f198- c y0pory5003 ba
101 1# - Língua de publicação
Língua do texto, banda sonora, etc. Português
Língua do documento no original Dinamarquês
102 ## - Pais de publicação ou produção
País de publicação Portugal
200 1# - Titulo e menção de responsabilidade
Título próprio Os mais belos contos de Andersen
Primeira menção de responsabilidade adaptação de Soledade Martinho Costa
Outras menções de responsabilidade il. José Lança Semedo
210 ## - Publicação, Distribuição, etc. 
Lugar da edição, distribuição, etc. Mem Martins
Nome do editor, distribuidor, etc. Europa-América
Data da publicação, distribuição, etc. [198-]
215 ## - Descrição física 
Indicação específica da natureza do documento e extensão da espécie 30 p.
Outras indicações físicas il. color
225 1# - Colecção 
Título próprio da colecção Os grandes clássicos infantis
300 ## - Notas gerais 
Texto da nota Existe apenas o vol. 2
517 1# - Outras variantes do título
Variant Title <A >arca voadora
Variant Title <O >valente soldadinho de chumbo
606 ## - Nome comum usado como assunto
Número de registo de entrada de autoridade 0001334
Palavra de ordem Literatura dinamarquesa
Subdivisão de assunto Conto
Código do sistema CA
675 ## - Classificação Decimal Universal (CDU)
Notação 821.113.4-34
Edição 3ª ed.
Língua da edição por
700 #1 - Nome de autor-pessoa física (responsabilidade principal)
Número de registo de entrada de autoridade 0000290
Palavra de ordem Andersen
Outra parte do nome não tomada para palavra de ordem Hans Christian
Datas 1805-1875
702 #1 - Nome de autor-pessoa física (responsabilidade secundária)
Número de registo de entrada de autoridade 0001507
Palavra de ordem Semedo
Outra parte do nome não tomada para palavra de ordem José Lança
Código de função Ilustrador / Técnico de desenho computorizado
Número de registo de entrada de autoridade 0001921
Palavra de ordem Costa
Outra parte do nome não tomada para palavra de ordem Soledade Martinho
Datas 1937-
Código de função Adaptador
942 ## - Elementos de entrada adicionados (Koha)
Tipo de item no Koha Livro
966 ## - Identificação da Biblioteca
Sigla EBVEN
Exemplares
Situação do levantamento Origin of item (home branch) (coded) Biblioteca de empréstimo Código de barras Cota Circulation type (not for loan) Tipo de documento Nota do exemplar Damaged status
  Biblioteca Escolar das Vendas Biblioteca Escolar das Vendas BEV69 8EST AND   Livro Sem mensagem